000
00262nam a22001097a 4500
008
170119b xxu||||| |||| 00| 0 eng d
020
_a
9780781792868
041
_a
eng
080
_a
618.2
245
_a
NURSING 2009/ DRUG HANDBOOK
_c
SCHILLING, J.A
942
_2
udc
_c
BK
999
_c
3159
_d
3159